000
00340nam a2200145Ia 4500
005
20250508061107.0
008
240331s9999 xx 000 0 und d
082
_b
Sup
_a
891
100
_a
Suppiah, N
245
0
_a
Aval thani maramalla
260
_a
Kandy
_b
Akilam Achagam
_c
1997
300
_a
100 p.,
650
_a
Short Stories
942
_c
L
999
_c
5487
_d
5487